000 00988nam a22002417a 4500
001 9198
003 FISKH
005 20251128151632.0
008 251128b cb ||||| |||| 00| 0 eng d
020 _a9780861634903
040 _aFISKH
_beng
_cFISKH
_dFISKH
082 _a 398.2094402
100 _aCloke, Renee
245 _aCinderella /
_cillustrated by Rene Cloke
260 _aLondon :
_bAward Publication,
_c1991.
300 _a28 pages :
_bcolor illustrations ;
_c16 cm
505 _aH
520 _aForced to clean the house in her dirty, ragged clothes, Cinderella can only dream of going to the prince's grand ball. After helping her sisters prepare for the special night, Cinderella is left home alone... or so she thinks. A classic fairy tale, beautifully illustrated in a traditional style by Rene Cloke from the collectable Timeless Fairy Tale series.
521 8 _a430
_bLexile estimate
521 8 _aH
_bRaz-Plus
942 _2ddc
_cBK
_n0
999 _c9198
_d9198